[Event "Ruhrgebiet Bezirksliga 16/17"]
[Site "Ruhrgebiet"]
[Date "2016.12.11"]
[Round "5.8"]
[White "Grundmann, Wolfgang Udo"]
[Black "Ales Garcia, Jose Luis Gabriel"]
[Result "1/2-1/2"]
[WhiteElo "1608"]
[BlackElo "1495"]
[PlyCount "71"]
[EventDate "2016.08.28"]
[EventType "team-tourn"]
[EventRounds "11"]
[EventCountry "GER"]
[SourceTitle "EXT 2022"]
[Source "ChessBase"]
[SourceDate "2021.10.06"]
[SourceVersion "1"]
[SourceVersionDate "2021.10.06"]
[SourceQuality "1"]
[WhiteTeam "Kamen SV III"]
[BlackTeam "Hamm SV II"]
[WhiteTeamCountry "GER"]
[BlackTeamCountry "GER"]

1. e4 c5 2. Nf3 Nc6 3. c3 a6 4. d4 cxd4 5. cxd4 d5 6. e5 e6 7. a3 h6 8. Bd3 Qb6 9. 0-0 Bd7 10. Bc2 Rc8 11. Nc3 Qc7 12. Be3 Na5 13. Nd2 Nc4 14. Nxc4 Qxc4 15. Qg4 Ne7 16. Rfc1 Nc6 17. Qd1 Na5 18. Na4 Qb5 19. b4 Nc4 20. Nc5 Bxc5 21. bxc5 Qa5 22. Bd3 Nb2 23. Qb3 Nxd3 24. Qxd3 0-0 25. Rcb1 Bc6 26. Rb6 Qa4 27. Rab1 Bb5 28. Qc3 Rc7 29. Qc1 Qa5 30. Qb2 Qa4 31. Qc3 Rd8 32. h4 Rdd7 33. g4 Qc4 34. Qxc4 Bxc4 35. g5 h5 36. g6 1/2-1/2